000 00672nam a2200289Ia 4500
001 Z_4431
003 CHAP
008 220113s1987 xx 000 0 und d
010 _a167501
040 _cCHAP
082 _a636.085 G5
100 _aGillespie, James R
_948025
245 _aAnimal nutrition and feeding /
_cpor James R Gillespie
260 _aAlbany, N. Y :
_bDelmar,
_c1987
300 _a418 p.
440 _a
500 _a
503 _a136748
650 _aAlimentos y alimentación del ganado
_94326
650 _aNutrición animal
901 _a636.085 G5
902 _aA
910 _a1987
942 _c1
942 _cc1
999 _c167501
_d167501